00696nam a2200193 i 4500001000700000003000900007005001700016007000300033008004100036100006000077245008500137250001200222260005600234300002200290650003100312852002100343999001900364952011900383125347ES-MaACL20250822062551.0t|070605s1918 sp ||||1| spa d1 aVerdes Montenegro y Montoro, José,d1865-1939911402710aApuntes de psicología científica / cpor José Verdes Montenegro y Montoro. a5ª ed. aMadrid : b[s.n.], c1918 (fSucesores de Hernando) a244 p. ; c23 cm. 7aPsicología2embne9165404 aES-MaACLjB-3490 c125347d125347 00104070aATENEOMbATENEOMcSPBd2008-01-17eSCl0oB-3490p1130583r2023-02-23 00:00:00w2023-02-23yMONOGRAFIA